000 00754cam a2200205 i 4500
999 _c12031
_d12031
003 OSt
005 20231223173326.0
008 120924s2012 ctua 000 0 eng
020 _a9780393733518 (pbk.)
042 _apcc
082 0 0 _a724.7
_223
_bKAH
245 0 0 _aArchitecture inserted :
_bEric Bunge and Mimi Hoang, Chris Perry, Liza Fior with Katherine Clarke ; edited by Nina Rappaport with Francisco Waltersdorfer and David Yang.
300 _a160 pages :
_billustrations ;
_c30 cm.
490 0 _aLouis I. Kahn visiting assistant professorship
650 0 _aArchitecture
_xHuman factors.
650 0 _aCity planning
_xSocial aspects.
700 1 _aRappaport, Nina,
_eeditor.
710 2 _aYale University.
_bSchool of Architecture.
942 _2ddc